000 00842cam a2200217 4500
001 WB3715-18
008 000000n2001 000 0 eng u
035 _a(Sirsi) u112019
245 _aBalfour cuts paperwork
260 _c2001
490 _aContract Journal
_v408(6322) 11 April 2001, 11(1)
520 _aBalfour Beatty cuts back on paperwork and expects to make savings of £20m a year as it switches to electronic transactions. Balfour has chosen BuildOnline as its supplier of e-business software solutions. The main areas of change are tendering, procurement and project management.
590 _aWB
650 _aELECTRONIC TRANSACTIONS
650 _aBALFOUR BEATTY
650 _aE-COMMERCE
650 _aSAVINGS
650 _aBUILDONLINE
690 _aMANAGEMENT-BUSINESS MANAGEMENT-INFORMATION MANAGEMENT
942 _n0
999 _c66724
_d66724